[Event "Warsaw Najdorf Memorial op-A 22nd"]
[Site "Warsaw"]
[Date "2025.07.16"]
[Round "9"]
[White "Malisauskas, Vidmantas"]
[Black "Padalka, Artem"]
[Result "0-1"]
[WhiteElo "2335"]
[BlackElo "2087"]
[PlyCount "68"]
[EventDate "2025.07.08"]
[EventType "swiss"]
[EventRounds "9"]
[EventCountry "POL"]
[SourceTitle "CB29_2025"]
[SourceDate "2025.07.16"]
[SourceVersion "1"]
[SourceVersionDate "2025.07.16"]
[SourceQuality "1"]

1. Nf3 Nf6 2. c4 e6 3. g3 d5 4. Bg2 Be7 5. 0-0 0-0 6. b3 a5 7. Bb2 a4 8. Na3 Nbd7 9. Qc2 c6 10. d4 b5 11. Ne5 Bb7 12. cxb5 cxb5 13. bxa4 Rxa4 14. Nxb5 Qa5 15. Nc3 Rxd4 16. Nxd7 Nxd7 17. e4 Rc8 18. exd5 Bxd5 19. Bxd5 Rxd5 20. Rfd1 Rxd1+ 21. Rxd1 Ne5 22. Qe2 Rxc3 23. Bxc3 Qxc3 24. Qb5 g5 25. a4 h5 26. a5 Bc5 27. Qe8+ Kg7 28. Qd8 Nf3+ 29. Kh1 Qc2 30. Rf1 Qe4 31. Qd1 g4 32. a6 Ne1+ 33. f3 Nxf3 34. Qb1 Qe2 0-1

[Event "Warsaw Najdorf Memorial op-A 22nd"]
[Site "Warsaw"]
[Date "2025.07.13"]
[Round "6"]
[White "Salgado Allaria, Carlos Fernando"]
[Black "Malisauskas, Vidmantas"]
[Result "1/2-1/2"]
[WhiteElo "2188"]
[BlackElo "2335"]
[PlyCount "90"]
[EventDate "2025.07.08"]
[EventType "swiss"]
[EventRounds "9"]
[EventCountry "POL"]
[SourceTitle "CB29_2025"]
[SourceDate "2025.07.16"]
[SourceVersion "1"]
[SourceVersionDate "2025.07.16"]
[SourceQuality "1"]

1. e4 c5 2. Nf3 d6 3. d4 cxd4 4. Nxd4 Nf6 5. Nc3 Nc6 6. Bg5 e6 7. Qd2 a6 8. 0-0-0 h6 9. Be3 Bd7 10. f3 b5 11. Nxc6 Bxc6 12. Bd3 Be7 13. Kb1 Qc7 14. Bf4 b4 15. Ne2 e5 16. Bg3 a5 17. Rc1 d5 18. Nd4 dxe4 19. Nxc6 Qxc6 20. fxe4 0-0 21. Qe2 Qc7 22. Rhf1 Nd7 23. Qh5 Bg5 24. Rcd1 a4 25. Qe2 a3 26. Bc4 axb2 27. Bb3 Nb6 28. Qb5 Bf4 29. Bf2 Rab8 30. g3 Bc1 31. Bxb6 Rxb6 32. Rxf7 Rxb5 33. Rxc7+ Kh8 34. Be6 Rb6 35. Bf5 h5 36. Rdd7 Bh6 37. Kxb2 Ra6 38. h3 Rfa8 39. g4 Rxa2+ 40. Kb3 hxg4 41. hxg4 Bc1 42. Kxb4 Ba3+ 43. Kc4 Rxc2+ 44. Kd3 Rb2 45. Kc3 Ra2 1/2-1/2

[Event "Warsaw Najdorf Memorial op-A 22nd"]
[Site "Warsaw"]
[Date "2025.07.11"]
[Round "4"]
[White "Klepek, Witold"]
[Black "Malisauskas, Vidmantas"]
[Result "1-0"]
[WhiteElo "2221"]
[BlackElo "2335"]
[PlyCount "71"]
[EventDate "2025.07.08"]
[EventType "swiss"]
[EventRounds "9"]
[EventCountry "POL"]
[SourceTitle "CB29_2025"]
[SourceDate "2025.07.16"]
[SourceVersion "1"]
[SourceVersionDate "2025.07.16"]
[SourceQuality "1"]

1. c4 e5 2. Nc3 Nc6 3. Nf3 g6 4. d4 exd4 5. Nxd4 Bg7 6. Nc2 d6 7. e4 Nf6 8. f3 0-0 9. Bg5 h6 10. Be3 Be6 11. Qd2 a6 12. Be2 Ne5 13. b3 h5 14. h3 b5 15. f4 Nc6 16. cxb5 axb5 17. Bxb5 Bd7 18. 0-0 Re8 19. Bd3 h4 20. f5 gxf5 21. Bg5 Ne5 22. exf5 Nxd3 23. Qxd3 Ra5 24. Ne3 Qc8 25. Bxf6 Bxf6 26. Ng4 Qd8 27. Rad1 Bg5 28. b4 Ra3 29. Qd4 f6 30. Ne4 Rf8 31. Nxg5 fxg5 32. Rde1 Kh7 33. f6 Bxg4 34. Re7+ Kh6 35. Qxg4 Rh8 36. Re6 1-0

[Event "Warsaw Maciei Memorial"]
[Site "Warsaw"]
[Date "2025.07.07"]
[Round "3"]
[White "Malisauskas, Vidmantas"]
[Black "Lee, Hyo"]
[Result "1-0"]
[WhiteElo "2335"]
[BlackElo "1966"]
[PlyCount "99"]
[EventDate "2025.07.07"]
[EventType "swiss (blitz)"]
[EventRounds "11"]
[EventCountry "POL"]
[SourceTitle "CB28_2025"]
[SourceDate "2025.07.09"]
[SourceVersion "1"]
[SourceVersionDate "2025.07.09"]
[SourceQuality "1"]

1. e4 c6 2. d4 d6 3. c4 h6 4. Nc3 g5 5. h4 g4 6. f4 h5 7. g3 Bg7 8. Bg2 Nd7 9. Nge2 Rb8 10. Be3 b5 11. cxb5 cxb5 12. Rc1 a6 13. 0-0 Nb6 14. b3 b4 15. Nb1 d5 16. Nd2 Nh6 17. f5 dxe4 18. Bxh6 Bxh6 19. Nxe4 Be3+ 20. Kh2 Bxc1 21. Qxc1 Bb7 22. Qg5 Kf8 23. f6 exf6 24. Nxf6 Bxg2 25. Kxg2 Nd7 26. Nxd7+ Qxd7 27. Nf4 Rb6 28. Qc5+ Rd6 29. Ng6+ Kg7 30. Nxh8 Kxh8 31. Qxh5+ Kg8 32. Rf4 Rxd4 33. Qg5+ Kh7 34. Qf5+ Qxf5 35. Rxf5 Rd2+ 36. Kg1 Rxa2 37. Rxf7+ Kg6 38. Rf4 a5 39. Rxg4+ Kf5 40. Rg5+ Ke4 41. h5 Kf3 42. h6 a4 43. h7 axb3 44. h8Q b2 45. Qf6+ Ke3 46. Re5+ Kd2 47. Qf2+ Kc3 48. Qe3+ Kc2 49. Qe2+ Kb3 50. Re3+ 1-0

[Event "Tartu Estiko Blitz op 2nd"]
[Site "Tartu"]
[Date "2025.04.24"]
[Round "8"]
[White "Meskovs, Nikita"]
[Black "Malisauskas, Vidmantas"]
[Result "1-0"]
[WhiteElo "2539"]
[BlackElo "2335"]
[PlyCount "49"]
[EventDate "2025.04.24"]
[EventType "swiss (blitz)"]
[EventRounds "9"]
[EventCountry "EST"]
[SourceTitle "CB20_2025"]
[SourceDate "2025.05.14"]
[SourceVersion "1"]
[SourceVersionDate "2025.05.14"]
[SourceQuality "1"]

1. d4 Nf6 2. Bg5 e6 3. e4 h6 4. Bxf6 Qxf6 5. Nc3 d6 6. Qd2 a6 7. f4 Nd7 8. Nf3 c5 9. e5 Qd8 10. d5 exd5 11. Nxd5 dxe5 12. fxe5 Nb6 13. c4 Be7 14. Rd1 Nxd5 15. cxd5 Bg4 16. Be2 0-0 17. 0-0 Re8 18. d6 Bxf3 19. Rxf3 Bg5 20. Qd5 Qd7 21. Bc4 Re6 22. Rdf1 Rae8 23. Rxf7 Qd8 24. Qxe6 Rxe6 25. Rf8+ 1-0

[Event "LTU-chT"]
[Site "Lithuania"]
[Date "2025.03.30"]
[Round "7.13"]
[White "Grabliauskas, Virginijus"]
[Black "Malisauskas, Vidmantas"]
[Result "0-1"]
[WhiteElo "2332"]
[BlackElo "2325"]
[PlyCount "80"]
[EventDate "2025.01.24"]
[EventType "team-swiss"]
[EventRounds "7"]
[EventCountry "LTU"]
[SourceTitle "CB14_2025"]
[SourceDate "2024.11.01"]
[SourceVersion "1"]
[SourceVersionDate "2024.11.01"]
[SourceQuality "1"]
[WhiteTeam "Vilnius Sachmatu Erdves"]
[BlackTeam "Vilnius Kamiles"]
[WhiteTeamCountry "LTU"]
[BlackTeamCountry "LTU"]

1. d4 c5 2. d5 e5 3. e4 d6 4. Bb5+ Nd7 5. a4 g6 6. Nc3 Bg7 7. h4 h5 8. Nf3 a6 9. Be2 b6 10. Rb1 f6 11. Nd2 Bh6 12. Nc4 Qc7 13. g3 Rb8 14. f4 Ke7 15. Na3 Bg7 16. 0-0 Nh6 17. f5 Nf8 18. Bxh6 Rxh6 19. fxg6 Nxg6 20. Qd3 Kd8 21. Rf2 Ne7 22. b3 Rh8 23. Nc4 Qd7 24. a5 bxa5 25. Nxa5 Qe8 26. Nc4 Kc7 27. Nd1 Qg6 28. Kh2 f5 29. Nde3 fxe4 30. Qc3 Bh6 31. Nxe5 dxe5 32. Qxe5+ Qd6 33. Qxh8 Bxe3 34. Rf7 Bd7 35. Qh7 Rg8 36. Rg7 Rxg7 37. Qxg7 Nf5 38. Qg8 Bf2 39. Rf1 Bxg3+ 40. Kg1 Bh2+ 0-1

[Event "Bialystok Zamenhof Memorial 43rd"]
[Site "Bialystok"]
[Date "2024.12.29"]
[Round "6"]
[White "Malisauskas, Vidmantas"]
[Black "Cukrowski, Filip"]
[Result "0-1"]
[WhiteElo "2315"]
[BlackElo "2403"]
[PlyCount "48"]
[EventDate "2024.12.27"]
[EventType "swiss"]
[EventRounds "9"]
[EventCountry "POL"]
[SourceTitle "CB02_2025"]
[SourceDate "2025.01.08"]
[SourceVersion "1"]
[SourceVersionDate "2025.01.08"]
[SourceQuality "1"]

1. d4 Nf6 2. c4 e6 3. Nf3 d5 4. Nc3 Be7 5. Bf4 0-0 6. e3 c6 7. Qc2 Nbd7 8. cxd5 Nxd5 9. Nxd5 exd5 10. 0-0-0 c5 11. Bd3 h6 12. g4 cxd4 13. exd4 Nf6 14. Bc7 Qe8 15. g5 hxg5 16. Nxg5 Be6 17. Bh7+ Kh8 18. Nxe6 fxe6 19. Bg6 Qd7 20. Rd3 Rfc8 21. Bf7 e5 22. Kb1 Rxc7 23. Qb3 Qf5 24. dxe5 Ng4 0-1

[Event "Bialystok Zamenhof Memorial 43rd"]
[Site "Bialystok"]
[Date "2024.12.27"]
[Round "2"]
[White "Tokarz, Izabela"]
[Black "Malisauskas, Vidmantas"]
[Result "0-1"]
[WhiteElo "2085"]
[BlackElo "2315"]
[PlyCount "92"]
[EventDate "2024.12.27"]
[EventType "swiss"]
[EventRounds "9"]
[EventCountry "POL"]
[SourceTitle "CB02_2025"]
[SourceDate "2025.01.08"]
[SourceVersion "1"]
[SourceVersionDate "2025.01.08"]
[SourceQuality "1"]

1. d4 Nf6 2. c4 g6 3. Nc3 Bg7 4. e4 d6 5. Be2 0-0 6. Be3 Na6 7. h4 e5 8. d5 Nc5 9. Qc2 h5 10. f3 a5 11. Nh3 c6 12. Nf2 cxd5 13. cxd5 Bd7 14. Qd2 a4 15. Bg5 Qa5 16. g4 a3 17. b3 Rfc8 18. Rb1 Na6 19. Bxa6 bxa6 20. b4 Qc7 21. Bxf6 Bxf6 22. Rb3 Kh7 23. gxh5 gxh5 24. Nh3 Bxh3 25. Rxh3 Rg8 26. Ne2 Rg2 27. f4 Rag8 28. Qc3 Qxc3+ 29. Rbxc3 exf4 30. Rxa3 Re8 31. Nxf4 Rxe4+ 32. Kf1 Rc2 33. Nxh5 Be5 34. Raf3 Rxb4 35. Rb3 Rd4 36. Rbd3 Rxd3 37. Rxd3 Rxa2 38. Ng3 a5 39. Ne4 a4 40. Rf3 Kg7 41. h5 a3 42. h6+ Kxh6 43. Rxf7 Rc2 44. Ra7 a2 45. Nxd6 Bxd6 46. Ra6 Rc1+ 0-1

[Event "Panevezys op 37th"]
[Site "Panevezys"]
[Date "2024.08.18"]
[Round "7"]
[White "Malisauskas, Vidmantas"]
[Black "Viskelis, Darius"]
[Result "1-0"]
[WhiteElo "2311"]
[BlackElo "2161"]
[PlyCount "55"]
[EventDate "2024.08.15"]
[EventType "swiss"]
[EventRounds "8"]
[EventCountry "LTU"]
[SourceTitle "CBM 221 Extra"]
[Source "ChessBase"]
[SourceDate "2024.09.30"]
[SourceVersion "1"]
[SourceVersionDate "2024.09.30"]
[SourceQuality "1"]

1. d4 d5 2. c4 e6 3. Nf3 Nf6 4. Nc3 h6 5. g3 c5 6. cxd5 Nxd5 7. Bg2 cxd4 8. Nxd5 Qxd5 9. 0-0 Bc5 10. b4 Bb6 11. Bb2 Qd6 12. Bxd4 Bxd4 13. Nxd4 Qxb4 14. Rb1 Qe7 15. Qa4+ Bd7 16. Qb3 Bc6 17. Nxc6 Nxc6 18. Qxb7 Qxb7 19. Rxb7 Nd4 20. e3 Nf5 21. Bc6+ Kf8 22. Rd1 Ne7 23. Be4 f5 24. Rdd7 fxe4 25. Rxe7 h5 26. Rf7+ Ke8 27. Rxg7 h4 28. Rh7 1-0

[Event "Panevezys op 37th"]
[Site "Panevezys"]
[Date "2024.08.15"]
[Round "2"]
[White "Dijokas, Linas"]
[Black "Malisauskas, Vidmantas"]
[Result "0-1"]
[WhiteElo "1986"]
[BlackElo "2311"]
[PlyCount "92"]
[EventDate "2024.08.15"]
[EventType "swiss"]
[EventRounds "8"]
[EventCountry "LTU"]
[SourceTitle "CBM 221 Extra"]
[Source "ChessBase"]
[SourceDate "2024.09.30"]
[SourceVersion "1"]
[SourceVersionDate "2024.09.30"]
[SourceQuality "1"]

1. e4 c5 2. Nc3 Nc6 3. f4 g6 4. Nf3 Bg7 5. Bc4 e6 6. f5 Nge7 7. fxe6 dxe6 8. d3 0-0 9. 0-0 Na5 10. Bb3 Nxb3 11. axb3 Nc6 12. Be3 b6 13. Qd2 Nd4 14. Rf2 Bb7 15. Bh6 Nxf3+ 16. Rxf3 Qd4+ 17. Kh1 f5 18. Bxg7 Qxg7 19. Raf1 Rad8 20. Qf2 e5 21. Qe1 f4 22. g3 g5 23. gxf4 exf4 24. Nd1 Bc8 25. Rg1 h5 26. Nf2 Rd6 27. h4 g4 28. Nh3 Qe5 29. Qc3 Qxc3 30. bxc3 Rdf6 31. Rff1 a5 32. Ng5 Kg7 33. Kg2 Rg6 34. d4 Rxg5 35. hxg5 h4 36. Kf2 g3+ 37. Kf3 Kg6 38. d5 Kxg5 39. e5 Bg4+ 40. Ke4 f3 41. e6 f2 42. e7 Re8 43. d6 fxg1Q 44. Rxg1 h3 45. Rf1 g2 46. Rf8 Bd7 0-1

[Event "Panevezys op 37th"]
[Site "Panevezys"]
[Date "2024.08.15"]
[Round "1"]
[White "Malisauskas, Vidmantas"]
[Black "Rivera Comino, Oscar"]
[Result "1-0"]
[WhiteElo "2311"]
[BlackElo "1803"]
[PlyCount "65"]
[EventDate "2024.08.15"]
[EventType "swiss"]
[EventRounds "8"]
[EventCountry "LTU"]
[SourceTitle "CBM 221 Extra"]
[Source "ChessBase"]
[SourceDate "2024.09.30"]
[SourceVersion "1"]
[SourceVersionDate "2024.09.30"]
[SourceQuality "1"]

1. e4 c6 2. d4 d5 3. exd5 cxd5 4. Bd3 Nf6 5. c3 e6 6. Bf4 Bd6 7. Bxd6 Qxd6 8. Nf3 0-0 9. 0-0 b6 10. Re1 Ba6 11. Bc2 Nc6 12. Nbd2 Rac8 13. Ne5 Qc7 14. Nxc6 Qxc6 15. Qf3 Qc7 16. Re3 h6 17. Rae1 Kh8 18. h4 Qd8 19. g4 Nh7 20. Qh3 g6 21. Nf3 Rc7 22. Ne5 Bc8 23. f4 Rg8 24. Kf2 Qf6 25. Rf3 Qg7 26. Qh2 f5 27. Rg1 Qf6 28. Rfg3 fxg4 29. Rxg4 g5 30. hxg5 hxg5 31. Rxg5 Rxg5 32. Rxg5 Rg7 33. Rh5 1-0

[Event "Suwalki Warakomska Memorial 8th"]
[Site "Suwalki"]
[Date "2024.07.25"]
[Round "9"]
[White "Krzyzanowski, Marcin"]
[Black "Malisauskas, Vidmantas"]
[Result "1/2-1/2"]
[WhiteElo "2517"]
[BlackElo "2296"]
[PlyCount "142"]
[EventDate "2024.07.18"]
[EventType "swiss"]
[EventRounds "9"]
[EventCountry "POL"]
[SourceTitle "EXT 2025"]
[Source "ChessBase"]
[SourceDate "2024.10.14"]
[SourceVersion "1"]
[SourceVersionDate "2024.10.14"]
[SourceQuality "1"]

1. e4 c5 2. Nf3 d6 3. d4 cxd4 4. Nxd4 Nf6 5. Nc3 a6 6. Be2 e6 7. Be3 Qc7 8. g4 h6 9. f4 Be7 10. h4 Nc6 11. Bf3 Nxd4 12. Qxd4 e5 13. Qd1 exf4 14. Bd4 Be6 15. Nd5 Bxd5 16. exd5 Rg8 17. Qd2 Nd7 18. 0-0-0 0-0-0 19. Kb1 Kb8 20. Qxf4 Bf6 21. Bxf6 Nxf6 22. Rd3 Rge8 23. g5 hxg5 24. hxg5 Nd7 25. Rc3 Qb6 26. Rb3 Qf2 27. Qxd6+ Ka8 28. a3 Nc5 29. Qb6 Rd6 30. Qxd6 Nxb3 31. Bd1 Nd2+ 32. Ka2 Qd4 33. Qd7 Re5 34. Rh8+ Ka7 35. Qc7 Rxd5 36. Qb8+ Kb6 37. Rc8 Qe5 38. Qxe5 Rxe5 39. Rf8 Re7 40. Bg4 Ne4 41. g6 fxg6 42. Rf4 Nf6 43. Bf3 Kc5 44. b4+ Kd6 45. a4 b6 46. Rd4+ Ke5 47. Rc4 g5 48. a5 bxa5 49. bxa5 g4 50. Bxg4 Nxg4 51. Rxg4 Kf5 52. Rg1 g5 53. Rf1+ Kg6 54. Rg1 Re4 55. Kb3 g4 56. c4 Kf5 57. Kb4 Re5 58. Rg2 Kf4 59. Rf2+ Kg5 60. Rg2 Re1 61. Kc5 Rb1 62. Kd6 Kf4 63. c5 Rd1+ 64. Kc7 Kf3 65. Ra2 g3 66. c6 g2 67. Rxg2 Kxg2 68. Kb7 Rc1 69. c7 Kf3 70. c8Q Rc4 71. Qc6+ Rxc6 1/2-1/2

[Event "Suwalki Warakomska Memorial 8th"]
[Site "Suwalki"]
[Date "2024.07.19"]
[Round "2"]
[White "Pultinevicius, Paulius"]
[Black "Malisauskas, Vidmantas"]
[Result "1/2-1/2"]
[WhiteElo "2599"]
[BlackElo "2296"]
[PlyCount "154"]
[EventDate "2024.07.18"]
[EventType "swiss"]
[EventRounds "9"]
[EventCountry "POL"]
[SourceTitle "EXT 2025"]
[Source "ChessBase"]
[SourceDate "2024.10.14"]
[SourceVersion "1"]
[SourceVersionDate "2024.10.14"]
[SourceQuality "1"]

1. e4 Nf6 2. e5 Nd5 3. d4 d6 4. c4 Nb6 5. exd6 exd6 6. Nc3 Be7 7. Bd3 Nc6 8. Be3 0-0 9. b3 Re8 10. Nf3 Bg4 11. 0-0 Bf6 12. Be2 d5 13. c5 Nc8 14. h3 Be6 15. g4 a6 16. Kh2 b6 17. Na4 bxc5 18. Nxc5 Nd6 19. Rc1 Ne4 20. Nxe4 dxe4 21. Rxc6 exf3 22. Bxf3 Bd5 23. Rc5 Bxf3 24. Qxf3 Bxd4 25. Rd5 Be5+ 26. Kg2 Qe7 27. Rc1 Bd6 28. Rc6 a5 29. a4 h6 30. Bd2 Qd7 31. Rc4 Reb8 32. g5 hxg5 33. Rxg5 Bf8 34. Bxa5 c5 35. Bc3 Qb7 36. Re4 Ra6 37. h4 Re6 38. Rxe6 fxe6 39. Qxb7 Rxb7 40. Rg4 Rxb3 41. Be5 Kf7 42. Rg3 c4 43. Rc3 Bd6 44. Rxb3 cxb3 45. Bb2 g6 46. Kf3 Bc5 47. Ke2 Ke8 48. f3 Kd7 49. Kd3 Be7 50. Kc4 Kc6 51. Kxb3 Kd5 52. a5 Bxh4 53. Bd4 Bg3 54. a6 Kc6 55. Kc4 Bd6 56. Kd3 Bc7 57. Ke2 Bf4 58. Kf2 Kc7 59. Kg2 Kc6 60. Kh3 Bd2 61. Kg3 Bg5 62. Kf2 Bf4 63. Ke2 Bd6 64. Kd3 Bc7 65. Ke4 Bd6 66. Be5 Be7 67. Bd4 Bd6 68. Be3 Bc7 69. Bd2 Bd6 70. Bf4 Be7 71. Bb8 Bf6 72. Ba7 Bd8 73. Ke5 Kb5 74. Kxe6 Kxa6 75. Be3 Kb5 76. Kf7 Kc6 77. Kxg6 Bc7 1/2-1/2

[Event "Kuressaare Saaremaa Rapid op"]
[Site "Kuressaare"]
[Date "2024.06.01"]
[Round "2"]
[White "Malisauskas, Vidmantas"]
[Black "Keinanen, Toivo"]
[Result "0-1"]
[WhiteElo "2296"]
[BlackElo "2542"]
[PlyCount "52"]
[EventDate "2024.06.01"]
[EventType "swiss (rapid)"]
[EventRounds "11"]
[EventCountry "EST"]
[SourceTitle "CBM 220 Extra"]
[Source "ChessBase"]
[SourceDate "2024.07.31"]
[SourceVersion "1"]
[SourceVersionDate "2024.07.31"]
[SourceQuality "1"]

1. Nf3 d5 2. d4 Nf6 3. c4 e6 4. Nc3 h6 5. Bf4 Bd6 6. Bxd6 Qxd6 7. e3 0-0 8. Rc1 b6 9. cxd5 Nxd5 10. Nxd5 Qxd5 11. a3 Bb7 12. Rxc7 Bc6 13. Bd3 Qd6 14. Rxc6 Nxc6 15. 0-0 Rac8 16. Bb5 Rfd8 17. Qa4 a5 18. h3 Rc7 19. Rd1 Rdc8 20. Ba6 Rb8 21. Bd3 Qd5 22. e4 Qd6 23. Be2 Qf4 24. Bb5 Na7 25. Bd3 Rc1 26. e5 b5 0-1

[Event "LTU-ch"]
[Site "Vilnius"]
[Date "2024.05.25"]
[Round "8"]
[White "Novik, Maxim"]
[Black "Malisauskas, Vidmantas"]
[Result "1-0"]
[WhiteElo "2404"]
[BlackElo "2296"]
[PlyCount "92"]
[EventDate "2024.05.19"]
[EventType "tourn"]
[EventRounds "9"]
[EventCountry "LTU"]
[EventCategory "5"]
[SourceTitle "CBM 220 Extra"]
[Source "ChessBase"]
[SourceDate "2024.07.31"]
[SourceVersion "1"]
[SourceVersionDate "2024.07.31"]
[SourceQuality "1"]

1. e4 c5 2. Nf3 Nc6 3. Bb5 e6 4. 0-0 Nge7 5. c3 a6 6. Ba4 b5 7. Bc2 Bb7 8. Re1 Rc8 9. a4 Ng6 10. axb5 axb5 11. Na3 Ra8 12. Rb1 b4 13. Nc4 Na5 14. Nxa5 Qxa5 15. d4 cxd4 16. cxd4 Be7 17. Be3 0-0 18. Bd3 Qh5 19. Nd2 Qxd1 20. Rexd1 d5 21. Rdc1 dxe4 22. Bxe4 Bxe4 23. Nxe4 Rfc8 24. Rxc8+ Rxc8 25. Rc1 Rxc1+ 26. Bxc1 Kf8 27. Kf1 Nh4 28. Be3 Ke8 29. g3 Nf5 30. Ke2 Kd7 31. Kd3 Kc6 32. Kc4 h5 33. b3 Nxe3+ 34. fxe3 g5 35. Nf2 e5 36. d5+ Kd6 37. Ne4+ Kd7 38. d6 Bxd6 39. Kd5 Be7 40. Kxe5 Kc6 41. Kf5 g4 42. Nf6 Bc5 43. Ke4 Be7 44. Ke5 Bxf6+ 45. Kxf6 Kd5 46. Kg5 Ke4 1-0

[Event "LTU-ch"]
[Site "Vilnius"]
[Date "2024.05.21"]
[Round "3"]
[White "Nainys, Zanas1"]
[Black "Malisauskas, Vidmantas"]
[Result "1/2-1/2"]
[WhiteElo "2234"]
[BlackElo "2296"]
[PlyCount "68"]
[EventDate "2024.05.19"]
[EventType "tourn"]
[EventRounds "9"]
[EventCountry "LTU"]
[EventCategory "5"]
[SourceTitle "CBM 220 Extra"]
[Source "ChessBase"]
[SourceDate "2024.07.31"]
[SourceVersion "1"]
[SourceVersionDate "2024.07.31"]
[SourceQuality "1"]

1. d4 Nf6 2. c4 g6 3. g3 d5 4. cxd5 Nxd5 5. e4 Nb6 6. Bg2 c5 7. d5 e6 8. Ne2 exd5 9. exd5 Bg7 10. 0-0 0-0 11. a4 Na6 12. Nec3 Bf5 13. Nd2 Nb4 14. Nde4 Bxe4 15. Bxe4 Nc4 16. Bg2 Rc8 17. Re1 h6 18. Bf1 Nd6 19. Nb5 a6 20. Nxd6 Qxd6 21. Bc4 Rfe8 22. Bf4 Rxe1+ 23. Qxe1 Qd7 24. Qd2 b5 25. axb5 axb5 26. Bf1 g5 27. Be3 Qxd5 28. Bxb5 Qxd2 29. Bxd2 Bxb2 30. Rb1 Rb8 31. Rxb2 Rxb5 32. Be3 Kh7 33. Bxc5 Rxc5 34. Rxb4 Kg6 1/2-1/2